NBA Eastern Conference Playoff Rosters (2024) - Statistics

General Stats
  • This quiz has been taken 13 times
  • The average score is 50 of 107
Answer Stats
GP # Answer % Correct
13 11 Jalen Brunson
100%
19 0 Jayson Tatum
100%
19 42 Al Horford
90%
4 0 Damian Lillard
90%
10 45 Donovan Mitchell
90%
19 7 Jaylen Brown
90%
6 21 Joel Embiid
90%
13 3 Josh Hart
90%
19 4 Jrue Holiday
90%
7 10 Kendall Brown
90%
15 0 Tyrese Haliburton
90%
6 0 Tyrese Maxey
90%
17 23 Aaron Nesmith
80%
17 2 Andrew Nembhard
80%
5 13 Bam Adebayo
80%
12 10 Darius Garland
80%
19 9 Derrick White
80%
5 55 Duncan Robinson
80%
12 4 Evan Mobley
80%
7 22 Franz Wagner
80%
4 31 Jarrett Allen
80%
7 8 Kristaps Porziņģis
80%
6 23 Mitchell Robinson
80%
7 21 Mo Wagner
80%
17 33 Myles Turner
80%
1 25 Orlando Robinson
80%
7 5 Paolo Banchero
80%
17 43 Pascal Siakam
80%
19 11 Payton Pritchard
80%
5 14 Tyler Herro
80%
13 0 Donte DiVincenzo
70%
6 22 Khris Middleton
70%
9 8 OG Anunoby
70%
17 9 T. J. McConnell
70%
6 11 Brook Lopez
60%
6 14 Gary Harris
60%
7 25 Jalen Smith
60%
7 4 Jalen Suggs
60%
5 42 Kevin Love
60%
12 1 Max Strus
60%
3 88 Neemias Queta
60%
2 43 Thanasis Antetokounmpo
60%
6 12 Tobias Harris
60%
5 44 Andre Jackson Jr.
50%
6 9 Bobby Portis
50%
5 16 Caleb Martin
50%
7 50 Cole Anthony
50%
2 30 Damian Jones
50%
15 22 Isaiah Jackson
50%
4 11 Jamie Jaquez Jr.
50%
3 27 Jordan Walsh
50%
6 9 Kelly Oubre Jr.
50%
6 7 Kyle Lowry
50%
19 30 Sam Hauser
50%
6 20 A.J. Green
40%
2 0 Anthony Black
40%
3 32 Dean Wade
40%
12 35 Isaac Okoro
40%
13 40 Luke Kornet
40%
13 2 Miles McBride
40%
6 24 Pat Connaughton
40%
10 5 Sam Merrill
40%
10 13 Tristan Thompson
40%
7 34 Wendell Carter Jr.
40%
17 26 Ben Sheppard
30%
4 17 Buddy Hield
30%
11 3 Caris LeVert
30%
4 4 Delon Wright
30%
1 16 James Johnson
30%
9 5 Jarace Walker
30%
2 13 Jett Howard
30%
7 1 Johnathan Isaac
30%
9 24 Marcus Morris Sr.
30%
6 40 Nicolas Batum
30%
5 5 Nikola Jović
30%
17 1 Obi Toppin
30%
6 44 Paul Reed
30%
8 26 Xavier Tillman
30%
6 18 Alec Burks
20%
5 22 Cameron Payne
20%
1 8 De'Anthony Melton
20%
10 20 Georges Niang
20%
2 35 Goga Bitadze
20%
5 24 Haywood Highsmith
20%
13 55 Isaiah Hartenstien
20%
4 99 Jae Crowder
20%
7 20 Markelle Fultz
20%
10 12 Oshae Brissett
20%
6 21 Patrick Beverley
20%
2 31 Thomas Bryant
20%
3 2 Caleb Houstan
10%
5 45 Jericho Sims
10%
7 7 Joe Ingles
10%
6 5 Malik Beasley
10%
4 3 MarJon Beauchamp
10%
3 88 Patty Mills
10%
9 5 Precious Achiuwa
10%
4 44 Bojan Bogdanović
0%
2 7 Chris Livingston
0%
2 3 Chuma Okeke
0%
3 12 Danilo Gallinari
0%
4 21 DaQuan Jeffries
0%
10 20 Doug McDermott
0%
4 44 Jaden Springer
0%
4 25 Mamadi Diakite
0%
4 13 Shake Milton
0%
8 50 Svi Mykhailiuk
0%
No matching quizzes found
Score Distribution
Percent of People with Each Score
Percentile by Number Answered
Your Score History
You have not taken this quiz